000 00808nam a2200229Ia 4500
003 OSt
005 20220923220621.0
006 a|||||r|||| 00| 0
007 ta
008 220922b |||||||| |||| 00| 0 hin d
024 _a187,948
037 _cTextual
040 _aARTS
_cARTS
_bhin
041 _2hin
_ahin
082 _aV241:1:N5, 152K9
100 _aश्रीवास्तव, गोपी नाथ
_9157386
245 0 _aकाश्मीर
_b समस्या और पृष्ठभूमि
246 _aKāshmīra: samasyā aur pṛuṣhṭhabhūmi
260 _aदिलली
_b राजपाल एण्ड सन्ज
_c1969
942 _hV241:1:N5, 152K9
_cTEXL
_2CC
999 _c341024
_d341024